| 000 | 00806nam a22002177a 4500 | ||
|---|---|---|---|
| 999 |
_c12342 _d12342 |
||
| 003 | AR-CdUCM | ||
| 008 | 190408b ||||| |||| 00| 0 spa d | ||
| 040 |
_aMUNICIPALIDAD PROVINCIAL DEL CUSCO _cBIBLIOTECA MUNICIPAL DEL CUSCO |
||
| 082 |
_a223 / _bK39 |
||
| 100 |
_aKempis, Tomas De _930155 |
||
| 245 | _aMitigación de cristo / | ||
| 260 |
_aBuenos Aires : _bTor. |
||
| 300 |
_a172 páginas ; _c18 cm. |
||
| 505 | _aContenido : De la imitación de Cristo y del desprecio de todas las vanidades del mundo -- Como ha de sentir uno humildemente de si mismo -- De la doctrina de la verdad ... | ||
| 650 |
_aReligión _91195 |
||
| 650 |
_aImitación de cristo _930156 |
||
| 650 |
_aPsicologia _91538 |
||
| 700 |
_aNieremberg, Juan Eusebio _930157 |
||
| 942 |
_2ddc _cLIBROS |
||
| 945 |
_arah _d08/04/2019 |
||